Govt. of
Madhya Pradesh

अहिंसा हडप्‍पा सभ्‍यता पर 100 मनन (Record no. 68665)

MARC details
000 -LEADER
fixed length control field 00401nam a22001097a 4500
082 ## - DEWEY DECIMAL CLASSIFICATION NUMBER
Classification number 200
100 ## - MAIN ENTRY--AUTHOR NAME
Personal name देवदत्त पट्टनायक
245 ## - TITLE STATEMENT
Title अहिंसा हडप्‍पा सभ्‍यता पर 100 मनन
260 ## - PUBLICATION, DISTRIBUTION, ETC. (IMPRINT)
Place of publication हरियाण
Name of publisher हार्परकॉलिंस पब्लिशिग
Year of publication 2025
650 ## - SUBJECT ADDED ENTRY--TOPICAL TERM
Topical Term धर्म
942 ## - ADDED ENTRY ELEMENTS (KOHA)
Koha item type Hindi Books
Holdings
Withdrawn status Lost status Damaged status Not for loan Home library Current library Date acquired Cost, normal purchase price Full call number Accession Number Price effective from Koha item type
        MACL MACL 22/02/2026 299.00 200 DPI004135 22/02/2026 Hindi Books